00550nam a2200109Ia 4500008004100000100003400041245009200075260004100167650001200208650017100220856004900391171212s9999 xx 000 0 und d aDeverell, William;Sitton, Tom cDeverell, William;Sitton, TomaWater and Los AngelesbA Tale of Three Rivers, 1900-1941 bUniversity of California Pressc2017 aHistory aWater-supply -- Los Angeles -- History -- 20th century; Rivers -- California -- Los Angeles -- History -- 20th century; Los Angeles (Calif) -- History -- 20th century uhttp://jstor.org/stable/10.1525/j.ctt1kc6k05